Armilles d’evacuació
Descripción Física:
1 armilla reflectant, talla XXL
MARC
| LEADER | 00000nam a2200000Ia 4500 | ||
|---|---|---|---|
| 001 | 23772 | ||
| 008 | 160829s9999 xx 000 0 cat d | ||
| 080 | |a NBM-7-1 | ||
| 245 | |a Armilles d’evacuació | ||
| 260 | |a Barcelona : |b Diputació de Barcelona, [s.a.] | ||
| 300 | |a 1 armilla reflectant, talla XXL | ||
| 710 | 1 | |a Barcelona (Catalunya : Província). |b Diputació |9 52408 | |
| 901 | |a Arxiu | ||
| 942 | |n 1 | ||
| 952 | |0 0 |1 0 |4 0 |6 NBM71 |7 1 |9 55315 |a Arxiu |b Arxiu |d 2016-12-01 |l 0 |o NBM-7-1 |p 23772 |r 2016-12-01 00:00:00 |w 2016-12-01 |y ARXIU | ||
| 999 | |c 59188 |d 59188 | ||